| 000 | 00674nam a2200229 i 4500 | ||
|---|---|---|---|
| 001 | 105061 | ||
| 003 | ES-MaACL | ||
| 005 | 20230906183754.0 | ||
| 007 | t| | ||
| 008 | 060609s1970 xxk ||||1| eng d | ||
| 020 | _a0-510-33707-4 | ||
| 080 | _a821.111-21"15" | ||
| 100 | 1 |
_aKyd, Thomas. _969101 |
|
| 245 | 1 | 4 |
_aThe Spanish tragedy / _cThomas Kyd ; edited by J.R. Mulryne. |
| 260 |
_aLondon : _bErnest Benn, _c1970. |
||
| 300 |
_aXXXV, 138 p. ; _c20 cm. |
||
| 490 | 1 | _aThe new mermaids | |
| 700 | 1 |
_aMulryne, J. R. _984161 |
|
| 830 | 1 |
_aThe new mermaids _9232683 |
|
| 852 | 4 |
_aES-MaACL _jE-11262 _z- Biblioteca Jacinto MartÃnez Lacalle |
|
| 999 |
_c105061 _d105061 |
||